El mercado del surf en la cotidianidad de Pichilemu

dentro del Pichilemu urbano se encuentra difundida una cultura y mercado del surf, donde se engloban una serie de elementos que van desde los conocimientos asociados al surf, así como los patrones conductuales que la misma disciplina moldea en sus practicantes, además de los implementos deportivos t...

Full description

Bibliographic Details
Main Author: Rocha Zúñiga, María Angélica
Other Authors: Bahamondes Parrao, Miguel (profesor guía)
Format: Tesis
Language:Spanish
Published: Santiago, Chile: Universidad Academia de Humanismo Cristiano, 2014.
Subjects:
Online Access:Disponible en línea (PDF) Biblioteca Digital UAHC

MARC

LEADER 00000nmm a22000007a 4500
001 043279
003 UAHC_CL
005 20220831104449.0
008 150129s2014 cl o d 000 spa
040 |a UAHC_CL  |c UAHC_CL  |d UAHC_CL 
100 1 |a Rocha Zúñiga, María Angélica 
245 1 3 |a El mercado del surf en la cotidianidad de Pichilemu  |c María Rocha, profesor guía Miguel Bahamondes. 
260 |a Santiago, Chile:  |b Universidad Academia de Humanismo Cristiano,  |c 2014. 
300 |a 112 páginas. 
500 |a Tesis para optar al título de Antropólogo y al grado de Licenciado en Antropología Social. 
502 |a Tesis (Antropología) --Universidad Academia de Humanismo Cristiano, 2014. 
516 |a Tesis electrónica (PDF). solicita envío de documento a biblioteca@academia.cl 
520 |a dentro del Pichilemu urbano se encuentra difundida una cultura y mercado del surf, donde se engloban una serie de elementos que van desde los conocimientos asociados al surf, así como los patrones conductuales que la misma disciplina moldea en sus practicantes, además de los implementos deportivos tecnológicos necesarios y propagados mediante el mercado del surf, a los cuales se les puede agregar otros servicios asociados al mismo como los ya descritos anteriormente. Esto deriva en actividades que organizan e incluso modifican la espacialidad local en la medida que se posiciona una industria externa, que tiende a configurar las actividades cotidianas de quienes participan directamente en esta actividad. 
650 0 |a Surf  |9 15854  |z Chile 
650 0 |a Turismo   |9 12474  |z Chile 
700 1 |a Bahamondes Parrao, Miguel  |e profesor guía 
856 |u http://bibliotecadigital.academia.cl/xmlui/handle/123456789/2695  |y Disponible en línea (PDF) Biblioteca Digital UAHC 
900 |a TANT 162 
942 |c TS  |2 ddc 
952 |0 0  |1 0  |4 0  |6 TANT_162_000000000000000  |7 0  |8 COMP  |9 80782  |a BC  |b BC  |c Digital  |d 2017-08-03  |o TANT 162  |r 2019-01-02 00:00:00  |w 2017-08-03  |y TS  |z Documento en PDF  |B ANT 
999 |c 43279  |d 43279